Diseño de una bio-batería glucosa-oxígeno con electrodos híbridos carbono/plata para potenciales aplicaciones en pequeños dispositivos electrónicos
Salvato in:
| Autore principale: | |
|---|---|
| Altri autori: | |
| Natura: | Libro |
| Lingua: | Spanish |
| Pubblicazione: |
San José, Costa Rica,
2023
|
| Soggetti: | |
| Tags: |
Aggiungi Tag
Nessun Tag, puoi essere il primo ad aggiungerne!!
|
MARC
| LEADER | 00000nam a2200000Ia 4500 | ||
|---|---|---|---|
| 003 | 013895 | ||
| 005 | 20240702150346.0 | ||
| 008 | 140114s2023 cr a 000 ||spa d | ||
| 040 | |c cru CEDI | ||
| 100 | |a Vaillant Rojas, Rowan, 1996- |9 3421 | ||
| 245 | |a Diseño de una bio-batería glucosa-oxígeno con electrodos híbridos carbono/plata para potenciales aplicaciones en pequeños dispositivos electrónicos | ||
| 260 | |a San José, Costa Rica, |c 2023 | ||
| 500 | |a Proyecto de graduación (licenciatura en ingeniería química)--Universidad de Costa Rica. Facultad de Ingeniería. Escuela de Ingeniería Química | ||
| 501 | |a Director de Proyecto de Graduación: Adrián Serrano Mora, Ph.D | ||
| 650 | |x CARBONO |x NANOTUBOS |x MEDICINA - APARATOS E INSTRUMENTOS | ||
| 700 | |a Serrano Mora, Adrián |d Director del TFG |9 691 | ||
| 942 | |c TFG |h TFG 9036 |i 013895 |6 TFG_9036_013895000000000 | ||
| 999 | |c 11709 |d 11709 | ||
